Library Logo

Koitaleel Samoei University College Library Catalogue

Molecular biology of the gene (Record no. 2088)

MARC details
000 -LEADER
fixed length control field 00552nam a22001937a 4500
005 - DATE AND TIME OF LATEST TRANSACTION
control field 20260312081946.0
008 - FIXED-LENGTH DATA ELEMENTS--GENERAL INFORMATION
fixed length control field 260312b |||||||| |||| 00| 0 eng d
020 ## - INTERNATIONAL STANDARD BOOK NUMBER
International Standard Book Number 9780321507815
040 ## - CATALOGING SOURCE
Transcribing agency x
050 ## - LIBRARY OF CONGRESS CALL NUMBER
Classification number QH506 .M6627 2008
100 ## - MAIN ENTRY--PERSONAL NAME
Personal name Watson, James D. [et al]
245 ## - TITLE STATEMENT
Title Molecular biology of the gene
250 ## - EDITION STATEMENT
Edition statement 6th ed.
260 ## - PUBLICATION, DISTRIBUTION, ETC.
Place of publication, distribution, etc. San Francisco :
Name of publisher, distributor, etc. Pearson/Benjamin Cummings ,
Date of publication, distribution, etc. 2008.
300 ## - PHYSICAL DESCRIPTION
Extent xxxii, 841 p. :
Other physical details ill.
650 ## - SUBJECT ADDED ENTRY--TOPICAL TERM
Topical term or geographic name entry element Molecular Biology
650 ## - SUBJECT ADDED ENTRY--TOPICAL TERM
Topical term or geographic name entry element Genetic Techniques
942 ## - ADDED ENTRY ELEMENTS (KOHA)
Source of classification or shelving scheme Library of Congress Classification
Koha item type Books
Call number prefix QH506 .M6627 2008
Suppress in OPAC Yes
Holdings
Withdrawn status Lost status Source of classification or shelving scheme Damaged status Not for loan Home library Current library Date acquired Source of acquisition Total Checkouts Full call number Barcode Date last seen Price effective from Koha item type
    Library of Congress Classification     Main Library - Mosoriot Main Library - Mosoriot 03/12/2026 donation   QH506 .M6627 2008 005225 03/12/2026 03/12/2026 Books

Powered by Koha